Complex variables and applications

Αποθηκεύτηκε σε:
Λεπτομέρειες βιβλιογραφικής εγγραφής
Κύριοι συγγραφείς: Brown, James Ward, Churchill, Ruel V. (Ruel Vance), 1899-1987 (Συγγραφέας)
Μορφή: Βιβλίο
Γλώσσα:English
Δημοσίευση: New York : McGraw-Hill, c1996.
Έκδοση:6η εκδ.
Σειρά:Churchill-Brown series
International series in pure and applied mathematics
Θέματα:
Ετικέτες: Προσθήκη ετικέτας
Δεν υπάρχουν, Καταχωρήστε ετικέτα πρώτοι!

MARC

LEADER 00000nam a2200000 a 4500
001 1/126106
008 230207r19961948nyu| ||| |||| ||eng||
020 |a 00701140654 
040 |a GR-MyUa  |b gre  |e AACR2 
041 0 |a eng 
082 7 |a 515.9   |2 (21) 
100 1 |a Brown, James Ward. 
245 1 0 |a Complex variables and applications /   |c Ruel V. Churchill, James Ward Brown.  
250 |a 6η εκδ.  
260 |a New York :   |b McGraw-Hill,   |c c1996.  
300 |a xvi, 386 σ. :   |b εικ. ;   |c 23 εκ.  
490 1 |a (Churchill-Brown series)  
490 1 |a (International series in pure and applied mathematics) 
500 |a Churchill's name appears first on the previous edition. 
504 |a Βιβλιογραφία: σ. 367-369. Ευρετήριο.  
650 0 |a Functions of complex variables. 
700 1 |a Churchill, Ruel V.   |q (Ruel Vance),   |d 1899-1987,  |e aut 
767 0 8 |i Μεταφρασμένο ως:   |t Μιγαδικές συναρτήσεις και εφαρμογές /  
830 0 |a Churchill-Brown series 
830 0 |a International series in pure and applied mathematics 
970 |a Γουβάλα  |b Βάσω  |z 07-02-2023